[Event "Harrogate 4NCL op 24th"]
[Site "Harrogate"]
[Date "2020.01.18"]
[Round "3"]
[White "Shaw, Peter"]
[Black "Holliday, John K"]
[Result "1-0"]
[WhiteElo "2052"]
[BlackElo "1805"]
[PlyCount "67"]
[EventDate "2020.01.17"]
[EventType "swiss"]
[EventRounds "5"]
[EventCountry "ENG"]
[SourceTitle "CBM 194 Extra"]
[Source "ChessBase"]
[SourceDate "2020.03.31"]
[SourceVersion "1"]
[SourceVersionDate "2020.03.31"]
[SourceQuality "1"]

1. d4 Nf6 2. c4 g6 3. Nc3 Bg7 4. e4 d6 5. Nf3 0-0 6. Be2 c5 7. d5 e6 8. h3 a6 9. 0-0 Re8 10. a4 exd5 11. exd5 Bf5 12. Bd3 Qd7 13. Bf4 Ne4 14. Bxe4 Bxe4 15. Re1 Bxf3 16. Qxf3 Be5 17. Bxe5 Rxe5 18. Rxe5 dxe5 19. Ne4 Qe7 20. d6 Qe6 21. Nf6+ Kg7 22. Qxb7 Qxf6 23. Qxa8 Qxd6 24. Qd5 Qe7 25. Rd1 e4 26. Qd6 Qe8 27. Qxc5 Qxa4 28. Qe5+ Kh6 29. Rc1 Nd7 30. Qxe4 Nf6 31. Qe5 Qc6 32. Re1 Kg7 33. c5 Kg8 34. Rd1 1-0

[Event "Harrogate 4NCL op-A 21st"]
[Site "Harrogate"]
[Date "2019.01.19"]
[Round "2"]
[White "Middleton, Tom"]
[Black "Holliday, John K"]
[Result "1-0"]
[WhiteElo "1970"]
[BlackElo "1878"]
[PlyCount "61"]
[EventDate "2019.01.18"]
[EventType "swiss"]
[EventRounds "5"]
[EventCountry "ENG"]
[SourceTitle "CBM 188 Extra"]
[Source "ChessBase"]
[SourceDate "2019.02.26"]
[SourceVersion "1"]
[SourceVersionDate "2019.02.26"]
[SourceQuality "1"]

1. e4 d5 2. exd5 Nf6 3. Nf3 Nxd5 4. d4 Bg4 5. Be2 e6 6. 0-0 Bd6 7. h3 Bh5 8. Ne5 Bxe2 9. Qxe2 Nd7 10. c4 N5f6 11. Nc3 c6 12. f4 Qe7 13. Be3 0-0 14. Rad1 Bb4 15. Nxd7 Qxd7 16. Bf2 Bxc3 17. bxc3 Qc7 18. Bh4 Ne8 19. f5 Qd7 20. d5 cxd5 21. cxd5 exd5 22. Be7 Nc7 23. Bxf8 Kxf8 24. Qh5 h6 25. f6 Qc6 26. fxg7+ Kxg7 27. Qxf7+ Kh8 28. Rf6 Qc5+ 29. Kh1 Qe3 30. Qxc7 Rg8 31. Qd6 1-0

[Event "BCF-chT3N 1617 (4NCL)"]
[Site "England"]
[Date "2017.03.19"]
[Round "8.75"]
[White "Holliday, John K"]
[Black "Burke, Steven J"]
[Result "1/2-1/2"]
[WhiteElo "1652"]
[BlackElo "1900"]
[PlyCount "46"]
[EventDate "2016.11.26"]
[EventType "team-swiss"]
[EventRounds "11"]
[EventCountry "ENG"]
[SourceTitle "EXT 2019"]
[Source "ChessBase"]
[SourceDate "2018.10.10"]
[SourceVersion "1"]
[SourceVersionDate "2018.10.10"]
[SourceQuality "1"]
[WhiteTeam "Bradford DCA Knights III"]
[BlackTeam "Ashfield Breadsall"]
[WhiteTeamCountry "ENG"]
[BlackTeamCountry "ENG"]

1. c4 Nf6 2. g3 e6 3. Bg2 d5 4. cxd5 exd5 5. e3 Bd6 6. Nc3 c6 7. Nge2 0-0 8. 0-0 Re8 9. a3 a5 10. d3 Na6 11. Qc2 Nc5 12. e4 dxe4 13. dxe4 Be6 14. Nd4 Qb6 15. Nxe6 Rxe6 16. Be3 Ng4 17. Bd4 Qb3 18. Qe2 Ne5 19. f4 Ned7 20. f5 Ree8 21. f6 Ne6 22. Qg4 Ne5 23. Bxe5 Bxe5 1/2-1/2